Pediatric practice ophthalmology

This is a hybrid between a textbook and a clinical guide that aims to bridge the knowledge gap between general pediatric practitioners and specialized pediatric ophthalmologists in the care of children with eye disease. It is organized in an easy-to-use fashion with numerous pictures and clinical al...

Volledige beschrijving

Bewaard in:
Bibliografische gegevens
Formaat: Boek
Taal:Undetermined
Gepubliceerd in: New York McGraw-Hill Education 2011
Onderwerpen:
Tags: Voeg label toe
Geen labels, Wees de eerste die dit record labelt!
Thư viện lưu trữ: Trung tâm Học liệu Trường Đại học Cần Thơ
LEADER 00862nam a2200181Ia 4500
001 CTU_190162
008 210402s9999 xx 000 0 und d
082 |a 618.92 
082 |b P371 
245 0 |a Pediatric practice ophthalmology 
245 0 |c Editor Gregg Lueder 
260 |a New York 
260 |b McGraw-Hill Education 
260 |c 2011 
520 |a This is a hybrid between a textbook and a clinical guide that aims to bridge the knowledge gap between general pediatric practitioners and specialized pediatric ophthalmologists in the care of children with eye disease. It is organized in an easy-to-use fashion with numerous pictures and clinical algorithms to make it useful for everyday use 
650 |a Pediatric ophthalmology,Eye diseases,Nhãn khoa,Bệnh mắt 
904 |i Qhieu 
980 |a Trung tâm Học liệu Trường Đại học Cần Thơ